00480nam a22001577a 450000500170000001000150001702000260003203500130005803700130007108200110008410000260009524500510012126000550017227000660022730000290029320130910145335.0 aENG-108186 a9789350690086c110.00 aEN-91719 bDBAD/PUB a230.35 aSandweiss, Samuel H. 10aWith love man is God /cby Samuel H. Sandweiss aAndhra PradeshbSri Sathya Sai Sadhana Trustc2012 aPrasanthi Nilayam, Anantapur DistrictbAndhra Pradeshe515134 a447p. :c24cm(pbk)bill.